[Event "FSFMA2 October 2012"]
[Site "Budapest HUN"]
[Date "2012.10.11"]
[Round "5.2"]
[White "Simkin,A"]
[Black "Koczo,K"]
[Result "0-1"]
[WhiteElo "1871"]
[BlackElo "2221"]

1.e4 c5 2.Nf3 d6 3.d4 cxd4 4.Nxd4 Nf6 5.Nc3 a6 6.Be3 e6 7.f3 b5 8.Qd2 Nbd7
9.g4 Nb6 10.g5 Nfd7 11.b3 Bb7 12.O-O-O Rc8 13.Kb1 b4 14.Nce2 d5 15.Bg2 Bc5
16.h4 e5 17.Nf5 g6 18.Bxc5 Nxc5 19.Ne3 d4 20.Ng4 Nbd7 21.Qxb4 a5 22.Qa3 Qc7
23.Qb2 Ne6 24.Nc1 a4 25.Bf1 a3 26.Qxa3 Qxc2+ 27.Ka1 Qxd1 28.Bg2 Qd2 29.Rg1 Nec5
30.b4 Ra8 31.Qb2 Qxb2+ 32.Kxb2 Na4+ 33.Kb3 Nc3 34.a3 Ke7 35.Nd3 Rhc8 36.Ngxe5 Nxe5
37.Nxe5 Nb5 38.Nc4 Nxa3 39.Nxa3 Rc3+ 40.Kb2 Raxa3 41.Rd1 Rab3+ 42.Ka2 Rxb4
43.f4 Ba6 44.Bf1 d3  0-1

[Event "TATA 50th ch-IND National Premier 2012"]
[Site "Kolkata IND"]
[Date "2012.10.11"]
[Round "10.14"]
[White "Karthikeyan,M2"]
[Black "Sundararajan,K"]
[Result "1-0"]
[WhiteElo "2299"]
[BlackElo "2450"]

1.e4 c5 2.Nf3 d6 3.d4 cxd4 4.Nxd4 Nf6 5.Nc3 a6 6.Be3 e6 7.Be2 Qc7 8.O-O b5
9.f3 Bb7 10.Qd2 Nbd7 11.a4 b4 12.Na2 d5 13.Nxb4 dxe4 14.f4 Bc5 15.c4 Rd8
16.Nbc2 e5 17.fxe5 Nxe5 18.h3 O-O 19.Qe1 Rfe8 20.Nf5 Bc8 21.b4 Nf3+ 22.Bxf3 exf3
23.Rxf3 Bxf5 24.Rxf5 Bxe3+ 25.Nxe3 Rd3 26.Rf3 Qd6 27.Qe2 Qd4 28.Re1 Ne4 29.Kh1 Nc3
30.Qf2 Ne4 31.Qe2 Nd2 32.Nc2 Rxe2 33.Rxe2 g6 34.Nxd4 Rxd4 35.Rc3 Nxc4 36.b5 axb5
37.axb5 Nd6 38.Rb3 Kf8 39.b6 Nb7 40.Rc2 Ke7 41.Rc7+ Rd7 42.Rxd7+ Kxd7 43.Rc3 Nd6
44.Rc7+ Kd8 45.g4 h6 46.h4 f5 47.Rg7  1-0

[Event "FSGM October 2012"]
[Site "Budapest HUN"]
[Date "2012.10.12"]
[Round "6.1"]
[White "Todorovic,GM"]
[Black "Codenotti,M"]
[Result "1-0"]
[WhiteElo "2491"]
[BlackElo "2334"]

1.e4 c5 2.Nf3 d6 3.d4 cxd4 4.Nxd4 Nf6 5.Nc3 a6 6.Be3 e5 7.Nb3 Be6 8.h3 Nc6
9.Qf3 h5 10.O-O-O Bg4 11.hxg4 hxg4 12.Qxf6 Rxh1 13.Qf5 Qc8 14.Qxc8+ Rxc8
15.Be2 Rxd1+ 16.Bxd1 Rb8 17.Bxg4 Ne7 18.Bb6  1-0

[Event "Trans-Europa-Schach-Express 2012"]
[Site "Potsdam GER"]
[Date "2012.10.14"]
[Round "9.6"]
[White "Foster,Chantelle L"]
[Black "Pastuszko,K"]
[Result "0-1"]
[WhiteElo "1853"]
[BlackElo "1895"]

1.e4 c5 2.Nf3 d6 3.d4 cxd4 4.Nxd4 Nf6 5.Nc3 a6 6.Be3 e5 7.Nb3 Be7 8.f3 Be6
9.Qd2 O-O 10.O-O-O b5 11.g4 Nbd7 12.g5 Nh5 13.Nd5 Bxd5 14.exd5 Rc8 15.Kb1 Qc7
16.Qf2 Bd8 17.Bh3 Nf4 18.Bf5 Bxg5 19.Rdg1 Bf6 20.Qd2 Ng6 21.Qf2 Kh8 22.h4 Ne7
23.Be4 Rb8 24.Bg5 Ng8 25.h5 Qd8 26.h6 g6 27.Qh4 Bxg5 28.Rxg5 Rc8 29.Qg3 Nc5
30.Nxc5 Rxc5 31.Qg1 Nf6 32.Rg2 Nxd5 33.Bxd5 Rxd5 34.Qe3 Rc5 35.Rd1 Qf6 36.Qd3 Rc6
37.Rgd2 Rfc8 38.Qa3 Qf5 39.Qb3 Qg5 40.Qxf7 Qxh6 41.Qf6+ Qg7 42.Qxg7+ Kxg7
43.Rxd6 Rxc2 44.Rd7+ Kg8 45.Ra7 Rf2 46.Rad7 Rcc2 47.Rd8+ Kg7 48.R8d7+ Kf6
49.Ka1  0-1

[Event "NIT Nagpur GM Open 2012"]
[Site "Nagpur IND"]
[Date "2012.10.16"]
[Round "2.13"]
[White "Chandra,Akshat"]
[Black "Vishnu,P"]
[Result "0-1"]
[WhiteElo "2269"]
[BlackElo "2473"]

1.e4 c5 2.Nf3 d6 3.d4 cxd4 4.Nxd4 Nf6 5.Nc3 a6 6.Be3 e5 7.Nde2 Be6 8.f4 g6
9.g3 Nbd7 10.Bg2 Qc7 11.h3 Bg7 12.O-O exf4 13.gxf4 O-O 14.Qd2 b5 15.Rad1 b4
16.Na4 Bc4 17.Rfe1 Rae8 18.Ng3 Nc5 19.Nxc5 dxc5 20.e5 Rd8 21.Qf2 Nd7 22.b3 Be6
23.Ne4 c4 24.Nc5 Nxc5 25.Bxc5 Rxd1 26.Rxd1 Rc8 27.Bxb4 cxb3 28.cxb3 h5 29.Qd4 Bh6
30.Kh2 a5 31.Ba3 Qc2 32.Rd2 Qb1 33.Rf2 Rc2 34.Rxc2 Qxc2 35.Be7 Qxa2 36.Bf6 Kh7
37.Qd8 Bg7 38.Bxg7 Kxg7 39.Qf6+ Kg8 40.Qd8+ Kh7 41.h4 Qxb3 42.Qxa5 Qe3 43.Qb4 Qf2
44.Qe4 Qxh4+ 45.Kg1 Kh6 46.Qf3 Qe1+ 47.Kh2 Qd2 48.Kg1 h4 49.Qf2 Qxf2+ 50.Kxf2 g5
51.fxg5+ Kxg5 52.Ke3 Kf5 53.Kd4 Kf4 54.Bh1 h3 55.Bc6 h2 56.Bh1  0-1

[Event "Danilo Batricevic Mem Balkan GP"]
[Site "Cetinje MNE"]
[Date "2012.10.26"]
[Round "8.18"]
[White "Draganic,V"]
[Black "Rasovic,U"]
[Result "0-1"]
[WhiteElo "2266"]
[BlackElo "2002"]

1.Nc3 c5 2.Nf3 Nf6 3.e4 d6 4.d4 cxd4 5.Nxd4 a6 6.Be3 e5 7.Nb3 Be6 8.f3 Nbd7
9.g4 h6 10.Qd2 b5 11.a4 b4 12.Nd5 Bxd5 13.exd5 Nb6 14.Bxb6 Qxb6 15.a5 Qb7
16.Bc4 Be7 17.Ra4 Rb8 18.Nc1 e4 19.Na2 Qc8 20.Rxb4 Rxb4 21.Qxb4 O-O 22.h3 exf3
23.Nc3 Nxg4 24.hxg4 Qxg4 25.Qa4 Bh4+ 26.Rxh4 Qxh4+ 27.Kd2 Qf4+ 28.Kd1 f2
29.Bf1 Qf3+ 30.Kd2 f5 31.Qd7 Qh5 32.Qe6+ Kh8 33.Qe2 Qh2 34.Qxa6 Qf4+ 35.Kd1 Re8
36.Ne2 Qb4 37.Nc3 Re1+ 38.Kd2 Qf4+ 39.Kd3 Re3+ 40.Kd2 Qd4+  0-1

[Event "16th OIBM 2012"]
[Site "Bad Wiessee GER"]
[Date "2012.10.27"]
[Round "1.3"]
[White "Parligras,M"]
[Black "Eilers,J"]
[Result "1-0"]
[WhiteElo "2633"]
[BlackElo "2007"]

1.e4 c5 2.Nf3 d6 3.d4 cxd4 4.Nxd4 Nf6 5.Nc3 a6 6.Be3 e5 7.Nb3 Be6 8.Qd2 Be7
9.f4 Qc7 10.O-O-O Nbd7 11.h3 b5 12.g4 Nb6 13.f5 Bxb3 14.axb3 b4 15.Nd5 Nbxd5
16.exd5 Qa5 17.Kb1 Ne4 18.Qg2 Nc5 19.g5 f6 20.h4 Qc7 21.Rg1 Kd7 22.h5 Rhg8
23.Qg4 Rab8 24.h6 a5 25.gxf6 Bxf6 26.Qh5 Kc8 27.Bxc5 dxc5 28.d6  1-0

[Event "7th Kavalier Open"]
[Site "Vienna AUT"]
[Date "2012.10.29"]
[Round "4.3"]
[White "Wilke,W"]
[Black "Marjanovic,Slavk"]
[Result "1-0"]
[WhiteElo "2249"]
[BlackElo "1921"]

1.e4 c5 2.Nf3 d6 3.d4 cxd4 4.Nxd4 Nf6 5.Nc3 a6 6.Be3 e6 7.f3 Qc7 8.Qd2 Nc6
9.g4 h6 10.h4 Nxd4 11.Bxd4 b5 12.O-O-O e5 13.Be3 Be6 14.Rg1 Rc8 15.g5 hxg5
16.hxg5 Nd7 17.g6 Nb6 18.gxf7+ Kxf7 19.Nd5 Nxd5 20.exd5 Bf5 21.Bd3 Qd7 22.Rg2 Be7
23.Rdg1 Bf6 24.Be4 Bxe4 25.fxe4 Rcg8 26.Qf2 Ke8 27.Bd2 Bd8 28.Rg6 Rf8 29.Qg2 Bf6
30.Qe2 Rf7 31.b3 Qc8 32.Kb2 Rc7 33.Ba5 Rf7 34.Bb4 Qd7 35.R1g3 Ke7 36.Rc3 Rc8
37.Rgg3 Rff8 38.Qf2 Rxc3 39.Rxc3 Qb7 40.Rc6 Rd8 41.Qf5 Qd7 42.Bxd6+ Kf7 43.Rc7  1-0

[Event "39th ch-IND Premier w 2012"]
[Site "Jalgaon IND"]
[Date "2012.10.30"]
[Round "7.10"]
[White "Nadig,K"]
[Black "Cholleti,S"]
[Result "1-0"]
[WhiteElo "2173"]
[BlackElo "2026"]

1.e4 c5 2.Nf3 d6 3.d4 cxd4 4.Nxd4 Nf6 5.Nc3 a6 6.Be3 e5 7.Nb3 Be6 8.f3 h5
9.Qd2 Nbd7 10.O-O-O Be7 11.Kb1 Rc8 12.Qf2 b5 13.Rg1 Qc7 14.h3 h4 15.Nd5 Bxd5
16.exd5 Bd8 17.c4 bxc4 18.Rc1 Nxd5 19.Bxc4 Qb7 20.Rgd1 Nxe3 21.Qxe3 Be7 22.Qd3 O-O
23.Bxa6 Rxc1+ 24.Rxc1 Qb6 25.Bb5 Nc5 26.Nxc5 dxc5 27.Qe2 Bf6 28.a4 Rd8 29.Rd1 Rxd1+
30.Qxd1 Qd8 31.Qe2 Qb6 32.Qc4 Be7 33.Ka2 Kf8 34.Kb3 Bd8 35.Qd5 Bc7 36.Kc4 Bd6
37.a5 Qc7 38.a6 Ke7 39.Qc6 Qb8 40.Qd7+ Kf6 41.a7  1-0

[Event "7th Kavalier Open"]
[Site "Vienna AUT"]
[Date "2012.10.30"]
[Round "5.5"]
[White "Lechner,Marcus"]
[Black "Heissenberger,A"]
[Result "1-0"]
[WhiteElo "1958"]
[BlackElo "2016"]

1.e4 c5 2.Nf3 d6 3.d4 cxd4 4.Nxd4 Nf6 5.Nc3 a6 6.Be3 e5 7.Nb3 Be7 8.f3 Be6
9.Qd2 O-O 10.O-O-O b5 11.g4 b4 12.Na4 Nbd7 13.g5 Ne8 14.h4 Qc7 15.Qxb4 a5
16.Qc3 f5 17.Qxc7 Nxc7 18.Nc3 fxe4 19.fxe4 a4 20.Nd2 d5 21.exd5 Nxd5 22.Nxd5 Bxd5
23.Bc4 Bxc4 24.Nxc4 Rfd8 25.Rd5 Rac8 26.Nxe5 Nxe5 27.Rxe5 Bf8 28.Rd1 g6 29.Rxd8 Rxd8
30.Re4 a3 31.b3 Bg7 32.c4 Rd3 33.Kc2 Rc3+ 34.Kd2 Rxb3 35.axb3 a2 36.Re8+ Kf7
37.Ra8 a1=Q 38.Rxa1 Bxa1 39.Kd3 Be5 40.Bf2 Ke6 41.Ke4 Bc3 42.Kf4 Be5+ 43.Kg4 Bc3
44.Bg3 Bd2 45.h5 Kd7 46.hxg6 hxg6 47.Bf4 Kc6  1-0

[Event "16th OIBM 2012"]
[Site "Bad Wiessee GER"]
[Date "2012.10.31"]
[Round "5.14"]
[White "Forchert,M"]
[Black "Gutman,L"]
[Result "0-1"]
[WhiteElo "2393"]
[BlackElo "2466"]

1.e4 c5 2.Nf3 d6 3.d4 cxd4 4.Nxd4 Nf6 5.Nc3 a6 6.Be3 e5 7.Nb3 Be7 8.f3 Be6
9.Qd2 O-O 10.O-O-O a5 11.Bb5 Na6 12.Qe2 Qb8 13.g4 Rc8 14.g5 Ne8 15.Kb1 Nec7
16.Ba4 Nb4 17.f4 b5 18.Nxb5 Nxb5 19.Qxb5 Qxb5 20.Bxb5 Nxc2 21.Bd2 a4 22.Nc1 exf4
23.Bd3 Ne3 24.Bxe3 fxe3 25.h4 Rab8 26.Ne2 h6 27.Nf4 hxg5 28.Nxe6 fxe6 29.hxg5 Bxg5
30.e5 dxe5 31.Rdg1 Bf6 32.Bh7+ Kf8 33.Be4 Ke7 34.Rh3 a3 35.Rg2 Bg5  0-1

[Event "Vizag GM Open 2012"]
[Site "Visakhapatnam IND"]
[Date "2012.10.31"]
[Round "8.16"]
[White "Matta,V"]
[Black "Karthikeyan,P2"]
[Result "0-1"]
[WhiteElo "2179"]
[BlackElo "2401"]

1.e4 c5 2.Nf3 d6 3.d4 cxd4 4.Nxd4 Nf6 5.Nc3 a6 6.Be3 e6 7.Be2 Qc7 8.O-O b5
9.f3 Be7 10.Qd2 O-O 11.a4 b4 12.Na2 d5 13.e5 Nfd7 14.f4 a5 15.c3 bxc3 16.Nxc3 Ba6
17.Rac1 Bc5 18.Bb5 Rc8 19.Nb3 Bb4 20.Qf2 Qd8 21.Na2 Bf8 22.Rxc8 Bxc8 23.Rc1 Na6
24.Nd4 Bb7 25.Bc6 Ndc5 26.Bxb7 Nxb7 27.Nc3 Nb4 28.Qe2 Rc8 29.f5 Nc5 30.fxe6 fxe6
31.Rf1 Qd7 32.Qb5 Qc7 33.Nf3 Nbd3 34.Ng5 Qxe5 35.Nd1 h6 36.Nf3 Qc7 37.Bd2 Rb8
38.Qxa5 Qxa5 39.Bxa5 Nxa4 40.Bc7 Bc5+ 41.Kh1 Rb7 42.Bg3 Naxb2 43.Nc3 Rb3
44.Ne2 Nc4 45.h3 e5 46.Ra1 Ba3 47.Nh4 Kh7 48.Rf1 Nd2 49.Rf7 Rb1+  0-1

[Event "TCh-CZE Extraliga 2012-13"]
[Site "Czech Republic CZE"]
[Date "2012.11.03"]
[Round "1.8"]
[White "Schula,M"]
[Black "Rosko,L"]
[Result "0-1"]
[WhiteElo "2291"]
[BlackElo "2311"]

1.e4 c5 2.Nf3 d6 3.d4 cxd4 4.Nxd4 Nf6 5.Nc3 a6 6.Be3 e5 7.Nb3 Be6 8.f4 exf4
9.Bxf4 Nc6 10.Qe2 g6 11.h3 Nh5 12.Bh2 Bg7 13.g4 Qh4+ 14.Qf2 Bxc3+ 15.bxc3 Qxf2+
16.Kxf2 Nf6 17.Bd3 Ke7 18.Nd4 Ne5 19.Rhb1 Rhb8 20.a4 h5 21.Bxe5 dxe5 22.Nxe6 fxe6
23.g5 Nd7 24.Ke3 Rc8 25.a5 Rxc3 26.Rb4 Rc7 27.Rab1 Nc5 28.Rf1 Rf8 29.Rbb1 Rcc8
30.Rxf8 Rxf8 31.Rb6 Rd8 32.Rb4 Rf8 33.Rb6 Rf4 34.Rb4 Kd7 35.Rc4 Nxd3 36.Kxd3 Rf3+
37.Ke2 Rxh3 38.Rb4 Kc7 39.Rc4+ Kd7 40.Rb4 Kc7 41.Rc4+ Kb8 42.Rc5 Rg3 43.Rxe5 Kc7
44.Rxe6 Rxg5 45.Kf3 Rxa5 46.Rxg6 Rc5 47.Rh6 a5 48.Kf4 a4 49.e5 a3 50.Rxh5 a2
51.Rh1 Rxc2 52.Kf5 Rb2 53.Ra1 Kd8 54.Rd1+ Ke7 55.Ra1 b5 56.Ke4 b4 57.Kd3 b3  0-1

[Event "TCh-NOR Eliteserien 2012-13"]
[Site "Haraldsheim NOR"]
[Date "2012.11.03"]
[Round "2"]
[White "Hansen,TR"]
[Black "Elsness,F"]
[Result "1/2-1/2"]
[WhiteElo "2444"]
[BlackElo "2483"]

1.e4 c5 2.Nf3 d6 3.d4 cxd4 4.Nxd4 Nf6 5.Nc3 a6 6.Be3 e5 7.Nb3 Be6 8.Qd2 Nbd7
9.O-O-O b5 10.f4 Qc7 11.f5 Bc4 12.Kb1 Rb8 13.h3 a5 14.g4 b4 15.Nd5 Bxd5 16.exd5 a4
17.Nc1 a3 18.Bg2 axb2 19.Nb3 h6 20.Qe2 Nb6 21.Bxb6 Qxb6 22.Nd4 Nd7 23.Nc6 Ra8
24.Rd4 Ra4 25.c3 Qa6 26.Qxa6 Rxa6 27.Rxb4 Be7 28.Bf1 Ra8 29.a4 Nc5 30.Bb5 Bf6
31.Kxb2 e4 32.a5 h5 33.Re1 hxg4 34.hxg4 Rh3 35.Rexe4+ Nxe4 36.Rxe4+ Kf8 37.Rc4 Rh2+
38.Kb3 Rh1 39.a6 Rb1+ 40.Ka4 Ra1+ 41.Kb4 Bh4 42.Rf4 Bf6 43.Re4 Kg8 44.c4 Bh4
45.Re2 Be1+ 46.Rxe1 Rxe1 47.Ka5 Kh7 48.g5 Rg1 49.Kb6 Rxg5 50.Ne7 g6 51.fxg6+ fxg6
52.Kb7 Rf8 53.Nc8 Rg1 54.a7 Ra1 55.Nxd6 g5 56.c5 g4 57.Bd3+ Kh6 58.c6 g3
59.Be4 Ra4 60.c7 Rb4+ 61.Kc6 Rxe4 62.Nxe4 g2 63.Nd6 g1=Q 64.c8=Q Qc1+ 65.Kb7 Qb2+
66.Ka8 Rxc8+ 67.Nxc8 Kg7 68.d6 Qb5 69.d7 Qxd7 70.Kb8 Qb5+ 71.Kc7 Qa6 72.Kb8 Qb5+
73.Kc7 Qa6 74.Kb8 Qb5+ 75.Kc7  1/2-1/2

[Event "TCh-NED Meesterklasse 2012-13"]
[Site "Netherland NED"]
[Date "2012.11.03"]
[Round "3.8"]
[White "De Groote,J"]
[Black "Van der Stricht,G"]
[Result "1-0"]
[WhiteElo "2107"]
[BlackElo "2403"]

1.e4 c5 2.Nf3 d6 3.d4 cxd4 4.Nxd4 Nf6 5.Nc3 a6 6.Be3 e5 7.Nb3 Be7 8.Be2 Be6
9.O-O O-O 10.f4 exf4 11.Rxf4 Nc6 12.Qd2 Ne5 13.Nd4 Rc8 14.a4 Qc7 15.a5 Nfd7
16.Rff1 Rfe8 17.Nf5 Bf8 18.Rfd1 d5 19.Nxd5 Bxd5 20.exd5 Qxc2 21.Bd3 Qxd2
22.Rxd2 g6 23.Ng3 Nxd3 24.Rxd3 Rxe3 25.Rxe3 Bc5 26.Kf2 f5 27.Ke2 f4 28.Rc1 Rd8
29.Rec3 fxg3 30.hxg3 Re8+ 31.Kd1 Bf8 32.Rc7 Nf6 33.Rxb7 Nxd5 34.Rc6 Nb4 35.Rcc7 Re5
36.Rc8 Rd5+ 37.Ke2 Re5+ 38.Kd1 Nd5 39.Rbb8 Rf5 40.Rc6 Nb4 41.Rcc8 Nd3 42.b4 Kg7
43.b5 Bb4 44.bxa6 Rxa5 45.Rb7+ Kh6 46.a7 Ra2 47.Rxb4 Rxa7 48.Rh4+ Kg7 49.Kd2 Ne5
50.Re8 Nf7 51.Rf4 Nd6 52.Re2 Nf5 53.g4 Nd6 54.Ke1 Nf7 55.Rfe4 Kf6 56.Re6+ Kg5
57.Re7 Rxe7 58.Rxe7 Nh6 59.Rxh7 Nxg4 60.Ke2 Nh6 61.Kf3 Nf5 62.Ra7 Nh4+ 63.Kf2 Nf5
64.Ra4 Nh6 65.Kf3 Nf5 66.Ra5 Kh6 67.Kf4 Ng7 68.Ra6 Nh5+ 69.Kg4 Ng7 70.Rf6 Ne8
71.Rf8 Nd6 72.Rh8+ Kg7 73.Rh1 Nf7 74.Ra1 Kh6 75.Ra5 Nd6 76.Kf4 Ne8 77.g4 Nd6
78.Ra7 g5+ 79.Ke5 Nc4+ 80.Kf6 Ne3 81.Ra4 Nd5+ 82.Kf7 Ne3 83.Re4 Ng2 84.Re8 Kh7
85.Kf6 Nf4 86.Kxg5 Nd5 87.Rd8 Ne3 88.Rd7+ Kg8 89.Kg6 Kf8 90.Rf7+ Ke8 91.Rf4 Nd5
92.Rf3  1-0

[Event "TCh-NED Meesterklasse 2012-13"]
[Site "Netherland NED"]
[Date "2012.11.03"]
[Round "3.4"]
[White "De Groote,E"]
[Black "Burg,T"]
[Result "1-0"]
[WhiteElo "2320"]
[BlackElo "2485"]

1.e4 c5 2.Nf3 d6 3.d4 cxd4 4.Nxd4 Nf6 5.Nc3 a6 6.Be3 Nbd7 7.f3 e6 8.Qd2 b5
9.O-O-O h6 10.Kb1 Nb6 11.Qf2 Nfd7 12.f4 Qc7 13.f5 e5 14.Ne6 fxe6 15.fxe6 Nc5
16.Nxb5 axb5 17.Bxb5+ Kd8 18.Bxc5 Rb8 19.Qxf8+ Rxf8 20.Rxd6+ Nd7 21.Rxd7+ Qxd7
22.exd7 Bxd7 23.Bxf8 Rxb5 24.Bxg7 Bc6 25.Re1 h5 26.c4 Ra5 27.b4 Ra4 28.Bf8 Kd7
29.Bc5 Ke6 30.Kb2 Ra8 31.b5 Bb7 32.Kb3 Rg8 33.Re2 Rg4 34.Kb4 h4 35.h3 Rf4
36.Be3 Rxe4 37.Kc5 Bc8 38.a4 Kd7 39.a5 Kc7 40.a6 Be6 41.b6+ Kb8 42.Rd2 Rxc4+
43.Kb5 Rc3 44.Rd8+ Rc8 45.Rxc8+ Kxc8 46.b7+ Kc7 47.Bb6+ Kb8 48.Bd8 Ka7 49.Bc7 Bc4+
50.Ka5 Bxa6 51.b8=Q+  1-0

[Event "2nd Novara Open A 2012"]
[Site "Novara ITA"]
[Date "2012.11.03"]
[Round "2.8"]
[White "Mondal,Prince"]
[Black "Aghayev,M"]
[Result "0-1"]
[WhiteElo "1912"]
[BlackElo "2245"]

1.e4 c5 2.Nf3 d6 3.Nc3 Nf6 4.d4 cxd4 5.Nxd4 a6 6.Be3 e6 7.f3 b5 8.Qd2 Nbd7
9.g4 Nb6 10.a3 Bb7 11.O-O-O Rc8 12.h4 Nfd7 13.f4 Nc5 14.Qg2 Nba4 15.Nde2 Nxc3
16.Nxc3 Qa5 17.Kb1 b4 18.axb4 Qxb4 19.Rd4 Qb6 20.Qf2 Bc6 21.Bg2 Rb8 22.Bc1 Be7
23.g5 O-O 24.h5 Qb7 25.Re1 e5 26.Rd2 exf4 27.Qxf4 Ne6 28.Qf2 Bxg5 29.Nd5 Bxd5
30.exd5 Nc5 31.Bf3 Na4 32.b3 Nc3+ 33.Kb2 Bf6 34.Rd4 Nb5 35.Be3 Rfe8 36.Rd1 Rxe3
37.Qxe3 Nxd4  0-1

[Event "TCh-CZE Extraliga 2012-13"]
[Site "Czech Republic CZE"]
[Date "2012.11.04"]
[Round "2.7"]
[White "Kukel,I jr"]
[Black "Cernousek,L"]
[Result "0-1"]
[WhiteElo "2260"]
[BlackElo "2434"]

1.e4 c5 2.Nf3 d6 3.d4 Nf6 4.Nc3 cxd4 5.Nxd4 a6 6.Be3 e5 7.Nf3 Qc7 8.a4 Be7
9.a5 Nbd7 10.Nd5 Nxd5 11.exd5 O-O 12.c4 h6 13.Nd2 f5 14.f3 Bg5 15.Bxg5 hxg5
16.b4 b6 17.Nb3 bxa5 18.Nxa5 e4 19.c5 Ne5 20.Nc4 exf3 21.gxf3 Rb8 22.Rb1 dxc5
23.d6 Qf7 24.Nxe5 Re8 25.bxc5 Rxe5+ 26.Be2 Rxb1 27.Qxb1 Qc4 28.Qd1 Bd7 29.Kf1 Qxc5
30.Bxa6 f4 31.Kg2 g4 32.Qb3+ Kh8 33.Rf1 gxf3+ 34.Kh1 f2 35.h3 Qc6+ 36.Kh2 Qxa6
37.Rxf2 Qxd6 38.Qc3 f3 39.Kh1 Re2 40.Qc4 Qd1+ 41.Kh2 Rxf2+ 42.Kg3 Rg2+ 43.Kh4 g5+
44.Kh5 Be8+  0-1

[Event "Subzonal 2.3 2012"]
[Site "Pamplona COL"]
[Date "2012.11.07"]
[Round "6.27"]
[White "Padilla,Ivo"]
[Black "Navia,E"]
[Result "0-1"]
[WhiteElo "1906"]
[BlackElo "2069"]

1.e4 c5 2.Nf3 d6 3.d4 cxd4 4.Nxd4 Nf6 5.Nc3 a6 6.Be3 e6 7.Be2 Be7 8.O-O O-O
9.a4 Nc6 10.f4 Qc7 11.Bf3 Rb8 12.Qe2 Re8 13.Nb3 b6 14.Qf2 Bf8 15.g4 Nd7 16.f5 Nce5
17.Be2 Nc5 18.Bf4 Bb7 19.Nxc5 bxc5 20.Bxe5 dxe5 21.Bc4 exf5 22.Qxf5 Re7 23.b3 g6
24.Qf3 Bh6 25.Rad1 Rf8 26.Nd5 Bxd5 27.Rxd5 a5 28.Qf2 Rc8 29.Rfd1 Bf4 30.Ba6 Ra8
31.Rxc5 Qa7 32.Bc4 Kg7 33.Rcd5 Be3 34.Rd7 Bxf2+ 35.Kg2  0-1

[Event "WY BU16 2012"]
[Site "Maribor SLO"]
[Date "2012.11.08"]
[Round "1.57"]
[White "Mikes,J"]
[Black "Krcmar,Aleksander"]
[Result "1-0"]
[WhiteElo "2102"]
[BlackElo "1569"]

1.e4 c5 2.Nf3 d6 3.d4 cxd4 4.Nxd4 Nf6 5.Nc3 a6 6.Be3 e5 7.Nb3 Be6 8.f3 Be7
9.Qd2 O-O 10.O-O-O b5 11.g4 Nbd7 12.h4 Nb6 13.Qf2 Nc4 14.Nd5 Bxd5 15.exd5 Rc8
16.g5 Nh5 17.Bh3 Ra8 18.Nd2 Nxe3 19.Qxe3 Nf4 20.Ne4 a5 21.Ng3 b4 22.Qe4 Qb6
23.Nf5 Ra7 24.Kb1 a4 25.Bf1 b3 26.a3 Rc8 27.c4 Nh5 28.Bd3 g6 29.Qg4 Re8 30.Ng3 Nxg3
31.Qxg3 Bf8 32.h5 Bg7 33.Rh4 Rae7 34.Be4 Rc8 35.hxg6 fxg6 36.Rxh7 Kxh7 37.Qh3+ Kg8
38.Qxc8+ Kf7 39.Rc1 Qc7 40.Qh3 Qc5 41.Qh7 Qe3 42.Qxg6+ Kf8 43.Qf5+ Kg8 44.Qc8+ Bf8
45.Rh1  1-0

[Event "WY BU16 2012"]
[Site "Maribor SLO"]
[Date "2012.11.08"]
[Round "1.14"]
[White "Serikbay,Chingiz"]
[Black "Narayanan,SL"]
[Result "1/2-1/2"]
[WhiteElo "2028"]
[BlackElo "2350"]

1.e4 c5 2.Nf3 d6 3.d4 cxd4 4.Nxd4 Nf6 5.Nc3 a6 6.Be3 e5 7.Nb3 Be7 8.Be2 O-O
9.O-O Be6 10.f4 exf4 11.Bxf4 Nc6 12.Kh1 d5 13.exd5 Nxd5 14.Nxd5 Qxd5 15.c4 Qxd1
16.Raxd1 Rfd8 17.h3 a5 18.Rxd8+ Rxd8 19.Bc7 Rd7 20.Bxa5 Nxa5 21.Nxa5 Rd2
22.Bf3 Rxb2 23.Nxb7 Bxc4 24.Re1 Kf8 25.Rc1 Be6 26.a4 Ra2 27.Bc6 Bg5 28.Re1 Bh4
29.Rc1 Bg5 30.Re1 Bd2 31.Re2 g5 32.Nc5 Bc4 33.Rf2 Ra1+ 34.Kh2 Be3 35.Rc2 Bxc5
36.Rxc4 Bd6+ 37.g3 Ra3 38.Rd4 Bxg3+ 39.Kg2 Be5 40.Rd5 f6 41.Bb5 h5 42.Rd3 Ra2+
43.Kf3 Ra1 44.Rd7 f5 45.Rd5 g4+ 46.Kg2 Ra2+ 47.Kf1 Ra1+ 48.Kg2 Ra2+ 49.Kf1  1/2-1/2

[Event "WY BU16 2012"]
[Site "Maribor SLO"]
[Date "2012.11.10"]
[Round "3.27"]
[White "Marjanovic,Dej"]
[Black "Zhahbai,uulu Zhohar"]
[Result "1-0"]
[WhiteElo "2233"]
[BlackElo "2029"]

1.e4 c5 2.Nf3 d6 3.d4 cxd4 4.Nxd4 Nf6 5.Nc3 a6 6.Be3 b5 7.a4 b4 8.Nd5 Bb7
9.Nxf6+ gxf6 10.Bd3 Nd7 11.Qd2 Rb8 12.Nb3 f5 13.exf5 Bxg2 14.Rg1 Ne5 15.Nd4 Bb7
16.Be2 Qa5 17.Nb3 Qc7 18.Bd4 h5 19.Bxe5 dxe5 20.O-O-O e6 21.f6 Bd5 22.Kb1 Bh6
23.Qd3 Rb6 24.Bxh5 Qd8 25.Bf3 Rd6 26.Nc5 Qc8 27.Nb3 Qd8 28.Bxd5 Rxd5 29.Qe2 Qd6
30.Na5 Bf4 31.Nc4 Qc7 32.Ne3 Ra5 33.Nc4 Rd5 34.a5 Kf8 35.Rxd5 exd5 36.Nb6 Qb7
37.Qg4 Bh6 38.Nd7+ Ke8 39.Nxe5 Qa7 40.Re1 Kd8 41.Qxb4 Bf8 42.Nxf7+ Kc8 43.Qg4+  1-0

[Event "WY BU16 2012"]
[Site "Maribor SLO"]
[Date "2012.11.10"]
[Round "3.40"]
[White "Mikes,J"]
[Black "Deary,Daniel"]
[Result "0-1"]
[WhiteElo "2102"]
[BlackElo "1602"]

1.e4 c5 2.Nf3 d6 3.d4 Nf6 4.Nc3 cxd4 5.Nxd4 a6 6.Be3 e5 7.Nb3 Be6 8.Be2 Nbd7
9.O-O b5 10.a3 Be7 11.Kh1 O-O 12.Qe1 Qc7 13.Rd1 Nc5 14.Nxc5 dxc5 15.f4 exf4
16.Bxf4 Qb6 17.e5 Ne8 18.Qg3 Rd8 19.Rxd8 Bxd8 20.Ne4 f6 21.Be3 Be7 22.Bh5 f5
23.Nd2 Kh8 24.Bg5 Qd8 25.Nf3 h6 26.Bxe7 Qxe7 27.Nh4 Qd7 28.Ng6+ Kg8 29.Nxf8 Kxf8
30.Rd1 Qe7 31.Bxe8 Kxe8 32.Rd6 Bc8 33.Qg6+ Kf8 34.e6 Kg8 35.Rc6 Bd7 36.Rxa6 Bc8
37.Ra8 Qd8 38.Rxc8 Qxc8 39.Qf7+  0-1

[Event "WY BU18 2012"]
[Site "Maribor SLO"]
[Date "2012.11.10"]
[Round "3"]
[White "Draskovic,L"]
[Black "Narayanan,Sri"]
[Result "0-1"]
[WhiteElo "2336"]
[BlackElo "2438"]

1.e4 c5 2.Nf3 d6 3.d4 cxd4 4.Nxd4 Nf6 5.Nc3 a6 6.Be3 e5 7.Nf3 Be7 8.Bc4 O-O
9.O-O Qc7 10.Bb3 Be6 11.Qe2 Rc8 12.Rfd1 b5 13.Rac1 Nbd7 14.Bg5 Rab8 15.Bxf6 Nxf6
16.a3 h6 17.Nh4 Qd7 18.Bxe6 fxe6 19.Ng6 Qe8 20.Nxe7+ Qxe7 21.Rd3 a5 22.b3 Rc5
23.Nb1 d5 24.f3 Rbc8 25.c3 Nh5 26.Rdd1 d4 27.Qd2 Qc7 28.Rc2 dxc3 29.Qd6 Qxd6
30.Rxd6 b4 31.a4 Kf7 32.Kf2 Ke7 33.Rd1 Nf6 34.Ke2 Nd7 35.Rd3 R5c7  0-1

[Event "WY BU16 2012"]
[Site "Maribor SLO"]
[Date "2012.11.10"]
[Round "3.60"]
[White "Murchadha,Oissine"]
[Black "Krcmar,Aleksander"]
[Result "1-0"]
[WhiteElo "1875"]
[BlackElo "1569"]

1.e4 c5 2.Nf3 d6 3.d4 cxd4 4.Nxd4 Nf6 5.Nc3 a6 6.Be3 e5 7.Nde2 Be6 8.f4 exf4
9.Nxf4 Nbd7 10.Be2 Be7 11.O-O O-O 12.Nxe6 fxe6 13.Bc4 Nc5 14.Bxc5 dxc5 15.Bxe6+ Kh8
16.e5 Ng8 17.Nd5 Bg5 18.Rxf8 Qxf8 19.Qg4 Bh6 20.Rf1 Qd8 21.Rf7 Qa5 22.Qg3 Qd2
23.Qc3 Qc1+ 24.Rf1 Qg5 25.Nc7 Rd8 26.Bxg8 Qe3+ 27.Qxe3 Bxe3+ 28.Kh1 Kxg8
29.e6 Bg5 30.g3 Bf6 31.Rxf6 gxf6 32.e7 Rd1+ 33.Kg2 Re1 34.e8=Q+ Rxe8 35.Nxe8 f5
36.Nd6  1-0

[Event "WY BU14 2012"]
[Site "Maribor SLO"]
[Date "2012.11.10"]
[Round "3.13"]
[White "Wu,Christopher"]
[Black "Grinberg,E"]
[Result "1-0"]
[WhiteElo "2239"]
[BlackElo "2047"]

1.e4 c5 2.Nf3 d6 3.d4 cxd4 4.Nxd4 Nf6 5.Nc3 a6 6.Be3 e5 7.Nb3 Be6 8.h3 Nbd7
9.Qd2 Rc8 10.g4 h6 11.O-O-O b5 12.Bg2 Nb6 13.Bxb6 Qxb6 14.Nd5 Nxd5 15.exd5 Bd7
16.Kb1 Be7 17.f4 O-O 18.Qe2 Bf6 19.f5 Qc7 20.Be4 Qd8 21.Nd2 a5 22.Nf3 Bh4
23.Rhg1 Bg5 24.h4 Bf4 25.g5 f6 26.gxh6 Bxh6 27.Nh2 Be8 28.Ng4 Bf4 29.Bd3 Rc5
30.Nf2 b4 31.Ne4 Rc7 32.Bb5 a4 33.Bxe8 Rxe8 34.Qb5 b3 35.cxb3 Kf7 36.Qxa4 Ree7
37.Qa6 Red7 38.Qe2 Qh8 39.h5 Bh6 40.Rd3 Qc8 41.Rc3 Rd8 42.Qg4 Rxc3 43.bxc3 Qa6
44.c4 Qb6 45.Re1 Kf8 46.Qg1 Qa6 47.Re2 Rb8 48.Rc2 Rb4 49.Qe1 Qa5 50.Qc3 Ke7
51.c5 dxc5 52.d6+ Ke8 53.Nxc5 Qb6 54.d7+ Ke7 55.d8=Q+ Kxd8 56.Qd3+ Rd4 57.Ne6+ Qxe6
58.Qxd4+  1-0

[Event "WY BU14 2012"]
[Site "Maribor SLO"]
[Date "2012.11.11"]
[Round "4.15"]
[White "Skuhala,Jernej"]
[Black "Troff,Kayden W"]
[Result "0-1"]
[WhiteElo "1922"]
[BlackElo "2350"]

1.e4 c5 2.Nf3 d6 3.d4 cxd4 4.Nxd4 Nf6 5.Nc3 a6 6.Be3 e6 7.g4 e5 8.Nf5 Nc6
9.f3 g6 10.Ng3 Be6 11.Kf2 h6 12.Nd5 Bxd5 13.exd5 Ne7 14.c4 Bg7 15.h4 Rc8
16.Qb3 Qc7 17.Bb6 Qb8 18.Qa4+ Nd7 19.Bh3 Rxc4 20.Qxc4 Nxb6 21.Qb3 Nbxd5 22.Ne4 Nf4
23.g5 O-O 24.Rad1 d5 25.Nf6+ Bxf6 26.gxf6 Nc6 27.Qe3 Qd6 28.Bg4 h5 29.Bh3 Qxf6
30.Kg3 Kh7 31.Bd7 Nb8 32.Ba4 b5 33.Bb3 Rd8 34.Rhe1 Nc6 35.Qc5 Ne7 36.Qf2 Qxh4+
37.Kxh4 Nf5+ 38.Kg5 Kg7  0-1

[Event "Brno Open 2012"]
[Site "Brno CZE"]
[Date "2012.11.12"]
[Round "3"]
[White "Svoboda,I"]
[Black "Strakos,T"]
[Result "1-0"]
[WhiteElo "2005"]
[BlackElo "1758"]

1.e4 c5 2.Nf3 d6 3.d4 cxd4 4.Nxd4 Nf6 5.Nc3 a6 6.Be3 e5 7.Nb3 Be6 8.f3 Nbd7
9.Qd2 Qc7 10.g4 Nb6 11.O-O-O Nfd7 12.Kb1 Be7 13.h4 Nc4 14.Bxc4 Bxc4 15.h5 O-O-O
16.Qf2 b5 17.Nd5 Bxd5 18.Rxd5 Kb7 19.Rhd1 Nc5 20.Qd2 Kc8 21.Qb4 Ne6 22.R1d3 Nc5
23.Nxc5 dxc5 24.Bxc5 Rxd5 25.Rxd5 Re8 26.a4 Kb7 27.axb5 a5 28.Qd2 Bxc5 29.Rd7  1-0